[Event "?"]
[Site "?"]
[Date "2012.05.17"]
[Round "1.1"]
[White "Epishin, Vladimir"]
[Black "Bissbort, Julian"]
[Result "1-0"]
[WhiteElo "2572"]
[BlackElo "2043"]
[PlyCount "75"]
[EventDate "2012.??.??"]
[WhiteTeam "Lübecker SV von 1873"]
[BlackTeam "Heilbronner SV"]

1. d4 g6 2. Nf3 Bg7 3. g3 d5 4. Bg2 c5 5. dxc5 Nc6 6. O-O e5 7. c3 Nge7 8. b4
O-O 9. b5 Na5 10. Nbd2 Be6 11. Nb3 Rc8 12. Nfd2 e4 13. Qc2 e3 14. fxe3 Nf5 15.
Qd3 Nc4 16. Nxc4 dxc4 17. Qxd8 Rfxd8 18. Nd4 Rxc5 19. a4 Bc8 20. Rb1 Re8 21.
Rf3 b6 22. Bd2 Nd6 23. Rd1 Ne4 24. Be1 Bh6 25. Kf1 Bg4 26. h3 Bxf3 27. exf3 Nf6
28. e4 Rc7 29. Nc6 Be3 30. e5 Nd7 31. f4 g5 32. Nb4 gxf4 33. gxf4 Nxe5 34. Nd5
Rc5 35. Nf6+ Kf8 36. fxe5 Rcxe5 37. Nxe8 Rxe8 38. Bf2 1-0

[Event "?"]
[Site "?"]
[Date "2012.05.17"]
[Round "1.2"]
[White "Marquardt, Patrick"]
[Black "Luther, Thomas"]
[Result "0-1"]
[WhiteElo "2039"]
[BlackElo "2542"]
[PlyCount "66"]
[EventDate "2012.??.??"]
[WhiteTeam "SG Donautal Tuttlingen"]
[BlackTeam "SV Empor Erfurt"]

1. e4 c5 2. Nf3 e6 3. d4 cxd4 4. Nxd4 Nf6 5. Bd3 Nc6 6. Nb3 d5 7. exd5 Nxd5 8.
O-O Ndb4 9. Be4 Qxd1 10. Rxd1 f5 11. c3 fxe4 12. cxb4 Nxb4 13. Nc3 b6 14. Nxe4
Bb7 15. Ng5 Nc2 16. Rb1 Bd5 17. Bd2 a5 18. Rbc1 a4 19. Na1 Nd4 20. Re1 Be7 21.
Nc2 Nxc2 22. Rxc2 Bxg5 23. Bxg5 Bxa2 24. Rc7 O-O 25. Rec1 b5 26. Rb7 Bc4 27.
Rd1 Rf7 28. Rdd7 Rxd7 29. Rxd7 b4 30. Bd2 a3 31. bxa3 bxa3 32. Bc3 a2 33. Rd1
Rb8 0-1

[Event "?"]
[Site "?"]
[Date "2012.05.17"]
[Round "1.3"]
[White "Ikonnikov, Vyacheslav"]
[Black "Turski, Tomasz"]
[Result "1-0"]
[WhiteElo "2539"]
[BlackElo "2037"]
[PlyCount "71"]
[EventDate "2012.??.??"]
[WhiteTeam "SF Bad Mergentheim"]
[BlackTeam "SC Ingersheim e.V."]

1. d4 Nf6 2. Nf3 g6 3. c4 Bg7 4. Nc3 d5 5. cxd5 Nxd5 6. e4 Nxc3 7. bxc3 c5 8.
Be3 Nc6 9. Qd2 Qa5 10. Rb1 cxd4 11. cxd4 Qxd2+ 12. Kxd2 O-O 13. d5 Rd8 14. Ke1
Ne5 15. Nxe5 Bxe5 16. f4 Bc3+ 17. Kf2 b6 18. Bc4 e6 19. Rhc1 Bg7 20. dxe6 Bxe6
21. Bxe6 fxe6 22. Rc6 e5 23. f5 Rdc8 24. Rbc1 Rxc6 25. Rxc6 gxf5 26. exf5 e4
27. f6 Bf8 28. Rc7 Bd6 29. Rg7+ Kh8 30. g4 Be5 31. g5 h6 32. h4 Rc8 33. Re7
Rc2+ 34. Kf1 hxg5 35. Rxe5 gxh4 36. Re8+ 1-0

[Event "?"]
[Site "?"]
[Date "2012.05.17"]
[Round "1.5"]
[White "Karpatchev, Aleksandr"]
[Black "Töws, Manuel"]
[Result "1-0"]
[WhiteElo "2414"]
[BlackElo "2032"]
[PlyCount "59"]
[EventDate "2012.??.??"]
[WhiteTeam "SF Bad Mergentheim"]
[BlackTeam "BG Buchen"]

1. e4 c5 2. c3 d5 3. exd5 Qxd5 4. Nf3 g6 5. Na3 Bg7 6. Bc4 Qe4+ 7. Be2 Nf6 8.
O-O Nc6 9. Re1 Qd5 10. d4 cxd4 11. Nb5 Qd8 12. Nfxd4 Nxd4 13. Qxd4 Qxd4 14.
Nxd4 Bg4 15. Bc4 a6 16. h3 Bd7 17. Nf3 Bc6 18. Ne5 Bd5 19. Bg5 Rd8 20. Rad1
Bxc4 21. Rxd8+ Kxd8 22. Nxc4 e6 23. Rd1+ Ke7 24. Ne5 Ke8 25. Nc4 Ke7 26. Na5
Rc8 27. Nxb7 Rb8 28. Na5 Rxb2 29. Nc6+ Kf8 30. Rd8+ 1-0

[Event "?"]
[Site "?"]
[Date "2012.05.17"]
[Round "1.6"]
[White "Wimmer, Alfred"]
[Black "Graf, Felix"]
[Result "0-1"]
[WhiteElo "2032"]
[BlackElo "2395"]
[PlyCount "42"]
[EventDate "2012.??.??"]
[WhiteTeam "SC Moosburg 1956 e.V."]
[BlackTeam "FC Bayern München e.V."]

1. c4 e5 2. Nc3 Nc6 3. Nf3 Nf6 4. e4 Bc5 5. Nxe5 Nxe5 6. d4 Bb4 7. dxe5 Nxe4 8.
Qf3 d5 9. exd6 Nxc3 10. bxc3 Bxd6 11. Be3 O-O 12. Be2 Qh4 13. g3 Qh3 14. Bf1
Qe6 15. Be2 Bd7 16. Qd5 Qf6 17. O-O Bc6 18. Qd2 Rfe8 19. Bd4 Qf5 20. f4 Rxe2
21. Qxe2 Re8 0-1

[Event "?"]
[Site "?"]
[Date "2012.05.17"]
[Round "1.7"]
[White "Strunski, Andreas"]
[Black "Schuster, Gerhard"]
[Result "1-0"]
[WhiteElo "2362"]
[BlackElo "2023"]
[PlyCount "55"]
[EventDate "2012.??.??"]
[WhiteTeam "Stuttgarter SF 1879"]
[BlackTeam "SC Feuerbach e. V."]

1. d4 Nf6 2. c4 e6 3. Nc3 Bb4 4. Qc2 O-O 5. Bg5 h6 6. Bh4 b6 7. e4 g5 8. Bg3 d5
9. e5 Ne4 10. Bd3 Bb7 11. f3 Nxg3 12. hxg3 Kg7 13. Nge2 f5 14. O-O-O c6 15. g4
fxg4 16. cxd5 cxd5 17. Ba6 Nxa6 18. Rxh6 Rf5 19. Rdh1 gxf3 20. Ng3 fxg2 21.
Nxf5+ exf5 22. Rh7+ Kg8 23. Rh8+ Kg7 24. R1h7+ Kg6 25. Rh6+ Kg7 26. R8h7+ Kg8
27. Qxg2 Bf8 28. Rh8+ 1-0

[Event "?"]
[Site "?"]
[Date "2012.05.17"]
[Round "1.8"]
[White "Osmanovic, Faruk"]
[Black "Gheng, Josef"]
[Result "0-1"]
[WhiteElo "2008"]
[BlackElo "2334"]
[PlyCount "110"]
[EventDate "2012.??.??"]
[WhiteTeam "SC Blauer Turm Bad Wimpfen"]
[BlackTeam "SC Erdmannhausen"]

1. e4 e5 2. Nf3 d6 3. d4 exd4 4. Nxd4 Nf6 5. Nc3 Be7 6. Bf4 O-O 7. Qd2 a6 8.
O-O-O b5 9. f3 Re8 10. g4 Bb7 11. h4 Nc6 12. h5 Nxd4 13. Qxd4 Nd7 14. Nd5 Bxd5
15. Qxd5 Ne5 16. Bxe5 dxe5 17. Qxd8 Raxd8 18. Be2 Kf8 19. c4 c6 20. Kc2 Bc5 21.
Rxd8 Rxd8 22. Rd1 Bd4 23. cxb5 axb5 24. Rd3 Ke7 25. Ra3 Kd6 26. Ra6 Rb8 27. b3
Kc7 28. a4 b4 29. Bc4 Kb7 30. Ra5 f6 31. Kd3 Bb6 32. Ra6 Rd8+ 33. Ke2 Rd4 34.
a5 Bc7 35. h6 gxh6 36. Bb5 cxb5 37. Rxf6 Bxa5 38. Rf7+ Bc7 39. Rxh7 Rd6 40. g5
hxg5 41. Rg7 Rc6 42. Rxg5 Rc3 43. f4 exf4 44. Rxb5+ Bb6 45. Rf5 Re3+ 46. Kd2
Rxb3 47. e5 Be3+ 48. Ke2 Kc6 49. Rf6+ Kd5 50. e6 Kd6 51. Rg6 Ke7 52. Kf3 Rc3
53. Rg7+ Kxe6 54. Rb7 Kd5 55. Ke2 b3 0-1

[Event "?"]
[Site "?"]
[Date "2012.05.17"]
[Round "1.9"]
[White "Neyman, Igor"]
[Black "Berger, Stefan"]
[Result "1-0"]
[WhiteElo "2314"]
[BlackElo "2016"]
[PlyCount "49"]
[EventDate "2012.??.??"]
[WhiteTeam "Stuttgarter SF 1879"]

1. d4 c6 2. c4 d5 3. Nf3 Nf6 4. Nc3 dxc4 5. a4 Bf5 6. Ne5 e6 7. f3 Nbd7 8. e4
Bg6 9. Nxc4 Bb4 10. Be3 a5 11. Be2 Nb6 12. O-O O-O 13. Qb3 Nxc4 14. Bxc4 Nd7
15. Na2 c5 16. Nxb4 cxb4 17. Rac1 Qe7 18. Rfd1 Kh8 19. d5 exd5 20. Bxd5 Rab8
21. Rc7 Rfc8 22. Qc4 Qe8 23. Bxb7 Rxc7 24. Qxc7 Ne5 25. Ba7 1-0

[Event "?"]
[Site "?"]
[Date "2012.05.17"]
[Round "1.10"]
[White "Fahnenschmidt, Gerhard"]
[Black "Ackermann, Hans Werner"]
[Result "0-1"]
[WhiteElo "2012"]
[BlackElo "2290"]
[PlyCount "74"]
[EventDate "2012.??.??"]
[WhiteTeam "VfL Sindelfingen"]
[BlackTeam "SC Hansa Dortmund e.V."]

1. c4 c5 2. Nf3 Nc6 3. d4 cxd4 4. Nxd4 g6 5. e4 Bg7 6. Be3 Nf6 7. Nc3 d6 8. Be2
O-O 9. O-O Bd7 10. f4 a6 11. Bf3 Rc8 12. Rc1 Nxd4 13. Bxd4 Bc6 14. Nd5 Nd7 15.
Bxg7 Kxg7 16. Qd4+ e5 17. Qc3 Bxd5 18. exd5 f6 19. Bg4 f5 20. Bh3 h5 21. Rfe1
Kh7 22. Qa3 Qb6+ 23. Kh1 e4 24. b4 Qc7 25. Re3 a5 26. bxa5 Ra8 27. Qb2 Rxa5 28.
Rb3 Nc5 29. Rb1 Nxb3 30. axb3 Qg7 31. Qe2 Ra1 32. Rd1 Rxd1+ 33. Qxd1 Ra8 34.
Bxf5 Ra1 35. Bxg6+ Kxg6 36. f5+ Kf7 37. Qg1 Qd4 0-1

[Event "?"]
[Site "?"]
[Date "2012.05.17"]
[Round "1.11"]
[White "Kabisch, Thilo"]
[Black "Rempeli, Alex"]
[Result "1-0"]
[WhiteElo "2277"]
[BlackElo "1981"]
[PlyCount "47"]
[EventDate "2012.??.??"]
[WhiteTeam "SK Schmiden/Cannstatt"]
[BlackTeam "SF Deizisau"]

1. e4 e6 2. d4 d5 3. e5 c5 4. c3 Nc6 5. Nf3 Bd7 6. Be2 Nge7 7. O-O Nf5 8. b3
cxd4 9. cxd4 Qb6 10. Bb2 Be7 11. Kh1 h5 12. Nc3 g5 13. Na4 Qd8 14. Nc5 g4 15.
Ne1 Bxc5 16. dxc5 Qg5 17. a3 O-O-O 18. b4 Nh4 19. b5 Nxe5 20. c6 bxc6 21. Qd4
Nc4 22. Qxa7 cxb5 23. Bxh8 Rxh8 24. Qa8+ 1-0

[Event "?"]
[Site "?"]
[Date "2012.05.17"]
[Round "1.12"]
[White "Stitterich, Nadine"]
[Black "Latzke, Boris Alexander"]
[Result "0-1"]
[WhiteElo "2002"]
[BlackElo "2253"]
[PlyCount "84"]
[EventDate "2012.??.??"]
[WhiteTeam "SV Stuttgart-Wolfbusch 1956 e.V."]
[BlackTeam "SK Bebenhausen 1992"]

1. e4 e5 2. Nf3 Nc6 3. Bb5 a6 4. Ba4 Nf6 5. O-O Nxe4 6. d4 b5 7. Bb3 d5 8. dxe5
Be6 9. c3 Be7 10. Bf4 g5 11. Be3 g4 12. Nd4 Nxe5 13. Nxe6 fxe6 14. Bd4 Bd6 15.
Bxe5 Bxe5 16. Qxg4 Qf6 17. Qh5+ Ke7 18. Bc2 Ng5 19. Nd2 Bf4 20. Nf3 Rag8 21.
Nxg5 Rxg5 22. Qh3 h5 23. Rfe1 Rhg8 24. g3 h4 25. Rf1 Rh8 26. g4 Rhg8 27. f3 e5
28. Kh1 Rd8 29. Rae1 Rgg8 30. Re2 c5 31. Rfe1 c4 32. Bb1 Kd6 33. Bf5 Kc7 34. a3
Rd6 35. Bb1 d4 36. cxd4 Rxd4 37. Be4 Rgd8 38. Rb1 Rd1+ 39. Rxd1 Rxd1+ 40. Kg2
Bg5 41. f4 Qxf4 42. Qf3 h3+ 0-1

[Event "?"]
[Site "?"]
[Date "2012.05.17"]
[Round "1.13"]
[White "Petermann, Michail"]
[Black "Willems, Sebastian"]
[Result "1-0"]
[WhiteElo "2236"]
[BlackElo "2002"]
[PlyCount "55"]
[EventDate "2012.??.??"]
[WhiteTeam "OSG Baden-Baden"]
[BlackTeam "SV Stuttgart-Wolfbusch 1956 e.V."]

1. e4 d5 2. exd5 Nf6 3. Nc3 Nxd5 4. Bc4 Nb6 5. Bb3 c5 6. d3 Bf5 7. Qf3 Qc8 8.
Bxf7+ Kxf7 9. g4 Nc6 10. Be3 e6 11. gxf5 exf5 12. Nge2 Ne5 13. Qg3 Ng6 14. h4
Qc6 15. O-O-O Bd6 16. Qg5 Ne7 17. Bf4 Rad8 18. Rhg1 g6 19. Kb1 Nbd5 20. Nxd5
Nxd5 21. h5 Bxf4 22. Nxf4 Nxf4 23. Qxf4 Qd6 24. Qh6 Qf6 25. Rde1 g5 26. Qxg5
Qxg5 27. Rxg5 Rhg8 28. Rxf5+ 1-0

[Event "?"]
[Site "?"]
[Date "2012.05.17"]
[Round "1.14"]
[White "Sand, Rolf"]
[Black "Dorst, Johannes"]
[Result "1/2-1/2"]
[WhiteElo "1991"]
[BlackElo "2223"]
[PlyCount "83"]
[EventDate "2012.??.??"]
[WhiteTeam "SV Tübingen 1870 e.V."]
[BlackTeam "SK Marburg 1931/72"]

1. c4 e5 2. g3 Nc6 3. Bg2 f5 4. Nc3 Nf6 5. d3 Bb4 6. Nf3 O-O 7. O-O d6 8. Nd5
Nxd5 9. cxd5 Ne7 10. Bd2 Bc5 11. b4 Bb6 12. a4 a6 13. Qb3 h6 14. Nxe5 dxe5 15.
d6+ Kh7 16. dxe7 Qxe7 17. b5 a5 18. Bc3 Re8 19. Rac1 Qd6 20. Bb2 Be6 21. Qc3
Bd5 22. Ba3 Qd7 23. Bc5 Bxg2 24. Kxg2 Bxc5 25. Qxc5 Re7 26. Rc2 Rf8 27. Rfc1
Rff7 28. Qe3 Qd5+ 29. Qf3 Qd4 30. Rc4 Qb6 31. Qd5 e4 32. dxe4 fxe4 33. Qc5 e3
34. f3 Qf6 35. Rf4 Qb2 36. Rc2 Qb3 37. Rxf7 Qxf7 38. Rc3 Qe6 39. Qc4 Qe5 40.
Qc5 Qe6 41. Qc4 Qe5 42. Qc5 1/2-1/2

[Event "?"]
[Site "?"]
[Date "2012.05.17"]
[Round "1.15"]
[White "Pogan, Nikolas"]
[Black "Fingerhut, Armin"]
[Result "1/2-1/2"]
[WhiteElo "2223"]
[BlackElo "1986"]
[PlyCount "85"]
[EventDate "2012.??.??"]
[WhiteTeam "TSV Willsbach"]
[BlackTeam "Vorw.Orient Mainz"]

1. Nf3 c5 2. g3 d5 3. Bg2 Nf6 4. O-O e6 5. d3 Be7 6. Nbd2 O-O 7. e4 b5 8. a4 b4
9. Ne5 Bb7 10. a5 Nc6 11. a6 Nxe5 12. axb7 Rb8 13. exd5 exd5 14. Rxa7 Qb6 15.
Ra1 Qxb7 16. Re1 Nc6 17. Nb3 h6 18. Be3 Qb6 19. Bf4 Ra8 20. Rxa8 Rxa8 21. g4
Rd8 22. g5 hxg5 23. Bxg5 c4 24. Nc1 Qd4 25. dxc4 Qxd1 26. Rxd1 dxc4 27. Re1 Nd5
28. Bxd5 Rxd5 29. Bxe7 Nxe7 30. Na2 Nc6 31. Re4 c3 32. bxc3 bxc3 33. Rc4 Nd4
34. Nb4 Rg5+ 35. Kf1 Nf3 36. Rxc3 Nxh2+ 37. Ke2 Re5+ 38. Re3 Rxe3+ 39. Kxe3
Ng4+ 40. Kf3 f5 41. Nd3 g5 42. Ke2 Kf7 43. f3 1/2-1/2

[Event "?"]
[Site "?"]
[Date "2012.05.17"]
[Round "1.16"]
[White "Riegel, Frank"]
[Black "Wenninger, Philipp"]
[Result "0-1"]
[WhiteElo "1936"]
[BlackElo "2205"]
[PlyCount "82"]
[EventDate "2012.??.??"]
[WhiteTeam "SV Stuttgart-Wolfbusch 1956 e.V."]
[BlackTeam "SK Bebenhausen 1992"]

1. e4 c6 2. d4 d5 3. Nc3 dxe4 4. Nxe4 Bf5 5. Ng3 Bg6 6. h4 h6 7. Nf3 Nd7 8. h5
Bh7 9. Bd3 Bxd3 10. Qxd3 e6 11. Bd2 Ngf6 12. Ne4 Nxe4 13. Qxe4 Nf6 14. Qe2 Qd5
15. c4 Qe4 16. Rh4 Qxe2+ 17. Kxe2 Be7 18. Rd1 O-O 19. Be3 Rfd8 20. g4 b5 21. g5
hxg5 22. Bxg5 bxc4 23. h6 g6 24. h7+ Kg7 25. Bh6+ Kh8 26. Ne5 Nh5 27. Nxf7+
Kxh7 28. Bg5 Rf8 29. Bxe7 Rxf7 30. Bg5 Rb8 31. Rd2 Rb5 32. Be3 Rfb7 33. b3 cxb3
34. axb3 Rxb3 35. Kf3 a5 36. Ra2 R3b5 37. Rh1 Rf7+ 38. Ke2 e5 39. Rha1 exd4 40.
Bxd4 Nf4+ 41. Kf1 Rh5 0-1

[Event "?"]
[Site "?"]
[Date "2012.05.17"]
[Round "1.17"]
[White "Nabavi, Parwis"]
[Black "Siegle, Florian"]
[Result "1-0"]
[WhiteElo "2212"]
[BlackElo "1972"]
[PlyCount "73"]
[EventDate "2012.??.??"]
[WhiteTeam "SGEM Dreisamtal"]
[BlackTeam "Stuttgarter SF 1879"]

1. d4 g6 2. e4 Bg7 3. Nf3 c5 4. d5 d6 5. c4 e5 6. Bd3 Ne7 7. O-O f5 8. Nc3 O-O
9. h3 Nd7 10. Rb1 Nf6 11. b4 cxb4 12. Rxb4 Nd7 13. Na4 fxe4 14. Bxe4 Qc7 15.
Qe2 Nf6 16. Nc3 Nh5 17. Qc2 Nf4 18. Nb5 Qd8 19. a4 Nf5 20. Re1 Nh4 21. Nxh4
Qxh4 22. Nxd6 Bxh3 23. Bxf4 Rxf4 24. gxh3 Qxh3 25. Bg2 Rg4 26. f3 e4 27. fxg4
Bd4+ 28. Kf1 Qxg4 29. Re2 Rf8+ 30. Ke1 Qg3+ 31. Kd1 Bf2 32. Nxe4 Qxg2 33. Rxf2
Qg1+ 34. Ke2 Qg4+ 35. Kd2 Rxf2+ 36. Nxf2 Qd4+ 37. Nd3 1-0

[Event "?"]
[Site "?"]
[Date "2012.05.17"]
[Round "1.18"]
[White "Steinhart, Christoph"]
[Black "Vaysberg, Alexander"]
[Result "0-1"]
[WhiteElo "1968"]
[BlackElo "2198"]
[PlyCount "68"]
[EventDate "2012.??.??"]
[WhiteTeam "TSV Schönaich"]
[BlackTeam "SC Gross-Sachsenheim"]

1. e4 d5 2. exd5 Nf6 3. Bb5+ Bd7 4. Bc4 Bg4 5. f3 Bc8 6. Nc3 Nbd7 7. Nge2 Nb6
8. Bb5+ Bd7 9. Bxd7+ Qxd7 10. d4 Nbxd5 11. Nxd5 Nxd5 12. c4 Nb6 13. Qb3 Qc6 14.
c5 Nd5 15. Nc3 O-O-O 16. O-O e6 17. Rd1 Be7 18. a4 a6 19. Nxd5 Qxd5 20. Qxd5
Rxd5 21. Be3 Rhd8 22. Rd2 Bxc5 23. dxc5 Rxd2 24. Bxd2 Rxd2 25. Rb1 Kd7 26. b4
Kc6 27. h4 Rd4 28. h5 a5 29. bxa5 Rxa4 30. Rd1 Rxa5 31. Rd8 Rxc5 32. g4 Rc2 33.
Rg8 b5 34. Rxg7 b4 0-1

[Event "?"]
[Site "?"]
[Date "2012.05.17"]
[Round "1.19"]
[White "Bodrozic, Tomislav"]
[Black "Probst, Alexander"]
[Result "1-0"]
[WhiteElo "2195"]
[BlackElo "1962"]
[PlyCount "71"]
[EventDate "2012.??.??"]
[WhiteTeam "SF Birkenfeld"]
[BlackTeam "SC Blauer Turm Bad Wimpfen"]

1. e4 c5 2. Nf3 d6 3. d3 Nc6 4. g3 g6 5. Bg2 Bg7 6. O-O Nf6 7. c3 O-O 8. Re1
Qc7 9. h3 Rb8 10. d4 e5 11. d5 Na5 12. Na3 b5 13. b4 cxb4 14. cxb4 Nc4 15. Qc2
Bd7 16. Nxc4 bxc4 17. Bd2 Nh5 18. Rec1 Rbc8 19. a4 f5 20. Ng5 fxe4 21. Nxe4 Bf5
22. Be3 Nf6 23. Nxf6+ Bxf6 24. Be4 Bxh3 25. b5 Bd7 26. Ra3 Bg7 27. Rc3 Qb7 28.
Qb1 Bf5 29. Rxc4 Rxc4 30. Rxc4 Rc8 31. Rc6 Bxe4 32. Qxe4 Rxc6 33. dxc6 Qf7 34.
Qc2 Qc7 35. Bxa7 d5 36. b6 1-0

[Event "?"]
[Site "?"]
[Date "2012.05.17"]
[Round "1.20"]
[White "Jehle, Anja"]
[Black "Aring, Gerd"]
[Result "0-1"]
[WhiteElo "1959"]
[BlackElo "2195"]
[PlyCount "88"]
[EventDate "2012.??.??"]
[WhiteTeam "SC Ingersheim e.V."]
[BlackTeam "SV Nürtingen 1920"]

1. d4 Nf6 2. c4 c5 3. d5 g6 4. Nc3 Bg7 5. e4 d6 6. f4 O-O 7. Be2 e6 8. Nf3 exd5
9. exd5 Bf5 10. O-O Ne4 11. Nxe4 Bxe4 12. Bd3 Bxf3 13. Qxf3 f5 14. Re1 Re8 15.
Re6 Rxe6 16. dxe6 Nc6 17. g4 fxg4 18. Qxg4 Qf6 19. f5 Ne5 20. Qe4 Nxd3 21. Qxd3
Qd4+ 22. Qxd4 Bxd4+ 23. Kg2 gxf5 24. Bf4 Re8 25. Re1 Bxb2 26. Bxd6 b6 27. Kf3
Kg7 28. Kf4 Kf6 29. e7 Kf7 30. Kxf5 Bf6 31. a4 Bxe7 32. Bxe7 Rxe7 33. Rxe7+
Kxe7 34. Ke5 Kd7 35. Kd5 Kc7 36. Ke5 Kb7 37. Kf6 a6 38. h4 b5 39. axb5 a5 40.
h5 a4 41. h6 a3 42. Kg7 a2 43. Kxh7 a1=Q 44. Kg8 Qf6 0-1

[Event "?"]
[Site "?"]
[Date "2012.05.17"]
[Round "1.21"]
[White "Braun, Georg"]
[Black "Schäfer, Daniela"]
[Result "1-0"]
[WhiteElo "2187"]
[BlackElo "1952"]
[PlyCount "59"]
[EventDate "2012.??.??"]
[WhiteTeam "SK Bebenhausen 1992"]
[BlackTeam "SC Erdmannhausen"]

1. e4 d6 2. d4 Nf6 3. Nc3 e5 4. Nf3 Nbd7 5. Bc4 Be7 6. O-O O-O 7. Re1 a6 8. a4
b6 9. b3 Bb7 10. Bd3 Re8 11. Bb2 Bf8 12. Qd2 exd4 13. Nxd4 Nc5 14. Nf5 Ncxe4
15. Nxe4 Nxe4 16. Bxe4 Rxe4 17. Rxe4 Bxe4 18. Nh6+ gxh6 19. Qd4 f5 20. f3 Qg5
21. fxe4 c6 22. Qh8+ Kf7 23. Qxh7+ Ke8 24. Qb7 Rd8 25. Qxc6+ Kf7 26. Qd5+ Kg6
27. Qe6+ Kh5 28. exf5 Rb8 29. Qf7+ Kg4 30. Rf1 1-0

[Event "Int. Stuttgarter Stadtmeisterschaft A"]
[Site "Ditzingen"]
[Date "2012.05.17"]
[Round "2.1"]
[White "Bräuner, Uwe"]
[Black "Epishin, Vladimir"]
[Result "0-1"]
[WhiteElo "2140"]
[BlackElo "2572"]
[PlyCount "96"]
[EventDate "2012.??.??"]
[WhiteTeam "SF Pfullingen"]
[BlackTeam "Lübecker SV von 1873"]

1. Nf3 d5 2. b3 Nf6 3. Bb2 Bg4 4. e3 Nbd7 5. Be2 e6 6. Ne5 Bxe2 7. Qxe2 Nxe5 8.
Bxe5 Bd6 9. Bxd6 Qxd6 10. Qb5+ Ke7 11. O-O a6 12. Qe2 Rhe8 13. d3 Kf8 14. Nd2
e5 15. e4 c6 16. a4 g6 17. g3 Rad8 18. Rad1 h5 19. h4 Re7 20. Rfe1 Qc5 21. Rc1
Kg7 22. Kg2 dxe4 23. Nxe4 Qd5 24. f3 Ng8 25. Qf2 Nh6 26. Qc5 Nf5 27. Qxd5 cxd5
28. Nd2 f6 29. Kf2 Rc7 30. c3 b5 31. axb5 axb5 32. Nb1 Ra8 33. Re2 b4 34. c4
Nd4 35. Rb2 Ra1 36. Re1 Rca7 37. Nd2 R7a2 38. Reb1 dxc4 39. dxc4 Rxb2 40. Rxb2
f5 41. Ke3 Re1+ 42. Kd3 Rc1 43. Ke3 Rc3+ 44. Kf2 Kf7 45. Ra2 Rd3 46. c5 Ke6 47.
Nc4 Rxf3+ 48. Kg2 Rxb3 0-1

[Event "Int. Stuttgarter Stadtmeisterschaft A"]
[Site "Ditzingen"]
[Date "2012.05.17"]
[Round "2.2"]
[White "Luther, Thomas"]
[Black "Montigel, Philipp"]
[Result "1-0"]
[WhiteElo "2542"]
[BlackElo "2161"]
[PlyCount "49"]
[EventDate "2012.??.??"]
[WhiteTeam "SV Empor Erfurt"]
[BlackTeam "SV Stuttgart-Wolfbusch 1956 e.V."]

1. d4 f5 2. g3 Nf6 3. Bg2 g6 4. b3 Bg7 5. Bb2 O-O 6. Nf3 d6 7. O-O c6 8. Nbd2
Qc7 9. Ne1 e5 10. dxe5 dxe5 11. e4 f4 12. Nc4 Nbd7 13. Qd6 Qxd6 14. Nxd6 fxg3
15. hxg3 Ng4 16. Nd3 Rd8 17. Rad1 b6 18. Nb4 c5 19. Nc6 Ba6 20. Nxd8 Rxd8 21.
Nc4 Bb5 22. Bh3 h5 23. f3 Ngf6 24. a4 Bc6 25. Nxe5 1-0

[Event "Int. Stuttgarter Stadtmeisterschaft A"]
[Site "Ditzingen"]
[Date "2012.05.17"]
[Round "2.3"]
[White "Zikeli, Saskia"]
[Black "Ikonnikov, Vyacheslav"]
[Result "0-1"]
[WhiteElo "2131"]
[BlackElo "2539"]
[PlyCount "104"]
[EventDate "2012.??.??"]
[WhiteTeam "SC Ingersheim e.V."]
[BlackTeam "SF Bad Mergentheim"]

1. c4 e5 2. Nc3 Nc6 3. g3 g6 4. Bg2 Bg7 5. e3 d6 6. Nge2 Be6 7. Nd5 Qd7 8. d3
Nd8 9. h3 c6 10. Ndc3 Ne7 11. Rb1 O-O 12. b3 f5 13. d4 e4 14. d5 Bf7 15. dxc6
Ndxc6 16. Ba3 Rfd8 17. Qc2 d5 18. Rd1 Qc7 19. cxd5 Nxd5 20. Nxd5 Qa5+ 21. Ndc3
Qxa3 22. O-O Nb4 23. Qb1 Rd3 24. Rxd3 exd3 25. Nd4 Bxd4 26. Nb5 Qxa2 27. Qxa2
Nxa2 28. Nxd4 Nc3 29. Bf3 d2 30. Ra1 a5 31. Bd1 b5 32. Kf1 b4 33. Bc2 Bd5 34.
f3 a4 35. bxa4 Rb8 36. Nb3 d1=Q+ 37. Rxd1 Nxd1 38. Bxd1 Rc8 39. Ke2 Rc3 40. Nd2
b3 41. Nxb3 Bc4+ 42. Ke1 Bxb3 43. Kd2 Bxd1 44. Kxc3 Bxa4 45. Kd4 Bd1 46. e4
Bxf3 47. exf5 gxf5 48. Ke5 Bg2 49. Kxf5 Bxh3+ 50. Kf6 Bc8 51. Kg5 Kg7 52. Kf4
Kf6 0-1

[Event "Int. Stuttgarter Stadtmeisterschaft A"]
[Site "Ditzingen"]
[Date "2012.05.17"]
[Round "2.4"]
[White "Gutman, Lev"]
[Black "Khadempour, Farhad"]
[Result "1-0"]
[WhiteElo "2444"]
[BlackElo "2133"]
[PlyCount "61"]
[EventDate "2012.??.??"]
[WhiteTeam "SV Lingen"]
[BlackTeam "SV Tübingen 1870 e.V."]

1. Nf3 Nf6 2. g3 d5 3. Bg2 c6 4. O-O Bg4 5. d4 e6 6. c4 Bd6 7. Qb3 Qc8 8. Nc3
Nbd7 9. e4 Nxe4 10. Nxe4 dxe4 11. Ng5 Nf6 12. Nxe4 Nxe4 13. Bxe4 O-O 14. Re1
Bh5 15. Bg2 Re8 16. Bd2 Qc7 17. Qa4 a6 18. Rac1 f6 19. Ba5 Qe7 20. c5 Bc7 21.
d5 Bxa5 22. Qxa5 cxd5 23. Bxd5 Qd7 24. Bg2 Qf7 25. c6 bxc6 26. Bxc6 Bg4 27.
Bxa8 Rxa8 28. Qc7 Qg6 29. Qb7 Rd8 30. Rc8 h6 31. Qe4 1-0

[Event "Int. Stuttgarter Stadtmeisterschaft A"]
[Site "Ditzingen"]
[Date "2012.05.17"]
[Round "2.5"]
[White "Weber, Klaus"]
[Black "Karpatchev, Aleksandr"]
[Result "0-1"]
[WhiteElo "2126"]
[BlackElo "2414"]
[PlyCount "84"]
[EventDate "2012.??.??"]
[WhiteTeam "SV Tübingen 1870 e.V."]
[BlackTeam "SF Bad Mergentheim"]

1. d4 d5 2. Nf3 Nc6 3. g3 Bg4 4. Bg2 e6 5. O-O Bd6 6. Nc3 Nf6 7. Bg5 h6 8. Bxf6
Qxf6 9. Nb5 O-O-O 10. Nxd6+ Rxd6 11. c3 h5 12. Qd2 Bxf3 13. Bxf3 h4 14. Qf4 Qe7
15. e4 g5 16. Qe3 dxe4 17. Bxe4 Kb8 18. Bxc6 Rxc6 19. Rae1 a6 20. Re2 Qf6 21.
g4 h3 22. b4 Qh6 23. Rfe1 f5 24. d5 Rc4 25. dxe6 Rxg4+ 26. Kh1 Re4 27. Qd2 Qxe6
28. Rxe4 fxe4 29. f3 Qf5 30. fxe4 Qf3+ 31. Kg1 Rh4 32. Qf2 Rg4+ 33. Kf1 Qh1+
34. Ke2 Rxe4+ 35. Kd2 Rxe1 36. Qf8+ Re8 37. Qxe8+ Ka7 38. Qe3+ b6 39. Qe5 Kb7
40. Ke3 Qe1+ 41. Kd4 Qf2+ 42. Ke4 g4 0-1

[Event "Int. Stuttgarter Stadtmeisterschaft A"]
[Site "Ditzingen"]
[Date "2012.05.17"]
[Round "2.6"]
[White "Graf, Felix"]
[Black "Schulte, Torsten"]
[Result "1-0"]
[WhiteElo "2395"]
[BlackElo "2129"]
[PlyCount "81"]
[EventDate "2012.??.??"]
[WhiteTeam "FC Bayern München e.V."]
[BlackTeam "SC Eppingen"]

1. d4 Nf6 2. c4 e6 3. Nf3 b6 4. a3 Bb7 5. Nc3 d5 6. cxd5 Nxd5 7. Qc2 Be7 8. e4
Nxc3 9. bxc3 O-O 10. Bd3 c5 11. O-O Nc6 12. Bb2 Rc8 13. d5 exd5 14. exd5 Qxd5
15. Bxh7+ Kh8 16. Rfe1 Qh5 17. Bf5 Rcd8 18. Re3 Kg8 19. c4 Rfe8 20. Rae1 Kf8
21. Qe4 Ba8 22. Qf4 Qh6 23. Qxh6 gxh6 24. Ne5 Nxe5 25. Bxe5 Bc6 26. Be4 Bd6 27.
Bf6 Rc8 28. Bxc6 Rxe3 29. Rxe3 Rxc6 30. g3 Bc7 31. Bc3 Rd6 32. Kf1 Rd1+ 33. Ke2
Rb1 34. h4 f5 35. Rf3 f4 36. Bd2 Rb2 37. Kd1 Ke8 38. gxf4 h5 39. Re3+ Kf7 40.
Rd3 Ke6 41. Kc1 1-0

[Event "Int. Stuttgarter Stadtmeisterschaft A"]
[Site "Ditzingen"]
[Date "2012.05.17"]
[Round "2.7"]
[White "Keller, Harald"]
[Black "Strunski, Andreas"]
[Result "0-1"]
[WhiteElo "2071"]
[BlackElo "2362"]
[PlyCount "84"]
[EventDate "2012.??.??"]
[WhiteTeam "SV Rottweil"]
[BlackTeam "Stuttgarter SF 1879"]

1. e4 c5 2. Nc3 Nc6 3. g3 g6 4. Bg2 Bg7 5. d3 d6 6. f4 e6 7. Nf3 Nge7 8. O-O
O-O 9. Be3 b6 10. Rb1 d5 11. Bf2 d4 12. Ne2 e5 13. fxe5 Nxe5 14. Nxe5 Bxe5 15.
Nf4 Qd6 16. Qd2 a5 17. Be1 Bb7 18. Qf2 f5 19. exf5 Bxg2 20. Qxg2 Bxf4 21. Rxf4
Nd5 22. Rf2 Ne3 23. Qh1 gxf5 24. Bd2 Ng4 25. Re2 Rae8 26. Rbe1 Ne3 27. Bxe3
dxe3 28. Qf3 f4 29. gxf4 Rxf4 30. Rg2+ Kh8 31. Qg3 Qf6 32. h3 Rf3 33. Qg4 Rf2
34. Kh2 Rxg2+ 35. Qxg2 Rg8 36. Qf1 Qd6+ 37. Kh1 Rg3 38. Re2 Qd5+ 39. Kh2 Rf3
40. Qg2 Qe5+ 41. Kh1 Qf5 42. Kh2 Qf4+ 0-1